| 000 -CABECERA |
| Longitud fija campo de control |
00889nam a2200253 a 4500 |
| 003 - IDENTIFICADOR DEL NÚMERO DE CONTROL |
| Identificador del número de control |
OSt |
| 005 - FECHA Y HORA DE LA ÚLTIMA TRANSACCIÓN |
| Fecha y hora de la última transacción |
20140414134201.0 |
| 008 - CÓDIGOS DE INFORMACIÓN DE LONGITUD FIJA |
| Códigos de información de longitud fija |
140205s2013 spc|||| |||||0|| | cat d |
| 017 ## - NÚMERO DE COPYRIGHT O DE DEPÓSITO LEGAL |
| Número de copyright o de depósito legal |
B. 27657-2013 |
| 020 ## - NÚMERO INTERNACIONAL NORMALIZADO PARA LIBROS |
| Número Internacional Normalizado para Libros (ISBN) |
9788415232582 |
| 040 ## - FUENTE DE LA CATALOGACIÓN |
| Lengua de catalogación |
cat |
| Centro transcriptor |
CDMR |
| 245 02 - MENCIÓN DE TÍTULO |
| Título |
L'Esquella de la Torratxa |
| Resto del título |
: 60 anys d'història catalana (1879-1939) |
| Mención de responsabilidad, etc. |
Jaume Capdevila, coordinador ; Jaume Guillamet, pròleg ; Santi Barjau, [et al.] |
| 260 ## - PUBLICACIÓN, DISTRIBUCIÓN, ETC. (PIE DE IMPRENTA) |
| Lugar de publicación, distribución, etc. |
Barcelona : |
| Nombre del editor, distribuidor, etc. |
Efadós |
| Fecha de publicación, distribución, etc. |
2013 |
| 300 ## - DESCRIPCIÓN FÍSICA |
| Extensión |
231 p. |
| Otras características físicas |
il. col. |
| Dimensiones |
26 cm + |
| 500 ## - NOTA GENERAL |
| Nota general |
Col·laboració especial de l'Arxiu Històric de la Ciutat de Barcelona |
| 630 04 - PUNTO DE ACCESO ADICIONAL DE MATERIA - TÍTULO UNIFORME |
| Título uniforme |
Esquella de la Torratxa |
| 650 04 - PUNTO DE ACCESO ADICIONAL DE MATERIA - TÉRMINO DE MATERIA |
| Término de materia o nombre geográfico como elemento inicial |
Revistes |
| 9 (RLIN) |
2769 |
| Subdivisión geográfica |
Catalunya |
| 650 04 - PUNTO DE ACCESO ADICIONAL DE MATERIA - TÉRMINO DE MATERIA |
| Término de materia o nombre geográfico como elemento inicial |
Humorisme gràfic |
| Subdivisión de materia general |
Història |
| 9 (RLIN) |
3162 |
| 650 04 - PUNTO DE ACCESO ADICIONAL DE MATERIA - TÉRMINO DE MATERIA |
| Término de materia o nombre geográfico como elemento inicial |
Premsa satírica |
| 9 (RLIN) |
3164 |
| 700 1# - PUNTO DE ACCESO ADICIONAL - NOMBRE DE PERSONA |
| Nombre de persona |
Guillamet, Jaume |
| 9 (RLIN) |
417 |
| 700 1# - PUNTO DE ACCESO ADICIONAL - NOMBRE DE PERSONA |
| 9 (RLIN) |
4549 |
| Nombre de persona |
Barjau, Santi |
| Fechas asociadas al nombre |
1962 - |
| 700 1# - PUNTO DE ACCESO ADICIONAL - NOMBRE DE PERSONA |
| 9 (RLIN) |
1346 |
| Nombre de persona |
Kap |
| 942 ## - ENTRADA DE ELEMENTOS AGREGADOS (KOHA) |
| Koha [por defecto] tipo de item |
Monografies |
| Fuente de clasificaión o esquema |
|